LEADER 01124nam a2200253 i 4500 001 000000163432 003 CaOOAMICUS 005 20240611145735.0 008 070726s1981 it u000 u ita u 040 $aSeMil$bita 245 00$aTeorie e realtà della storiografia letteraria :$bguida storica e critica /$ca cura di Giuseppe Petronio. 264 1$aRoma ; Bari :$bLaterza,$c1981. 300 $aLXXXIII, 193 p. ;$c18 cm. 490 1 $aUniversale Laterza ;$v595 650 4$aLetteratura - Teorie.$0(OLS)http://semarc/subject/42179 650 4$aStoriografia letteraria.$0(OLS)http://semarc/subject/15313 700 1 $aPetronio, Giuseppe,$d<1909-2003>.$0(OLS)http://semarc/name/458 830 0$aUniversale Laterza ;$v595.$0(OLS)http://semarc/title/6923 850 $aSeMil 852 $aSeMil$W1$xVenegono$y1$m1R II 82$j248897$B114726$CSeMilBibl$Z2$F125530 $81 961 $aRecupero: Altro 996 $6245$aTeorie e realtà della storiografia letteraria :$bguida storica e critica$9(OLS)http://semarc/title/233161 996 $6264$aRoma ; Bari :$bLaterza$9(OLS)http://semarc/publisher/30305 LEADER 01043nam a2200265 i 4500 001 000000153523 003 CaOOAMICUS 005 20090323000000.0 008 090323s1972 it u000 u ita u 013 $a130866 040 $aSeMil$bita 100 1 $aHartt, Frederick.$0(OLS)http://semarc/name/7927 245 13$aLa scultura. 300 $a309 p. :$briccamente ill. 490 0 $aI grandi pittori 500 $aContiene : Bibliografia essenziale. - Fondo Card. Giovanni Colombo. 650 4$aBuonarroti, Michelangelo <1475-1564> - Scultura.$0(OLS)http://semarc/subject/23761 700 1 $aBuonarroti, Michelangelo,$d<1475-1564>.$0(OLS)http://semarc/name/5320 773 0 $aHartt, Frederick$tMichelangelo.$d[Milano] : Garzanti, 1972.$w()20950 830 2$aI grandi pittori.$0(OLS)http://semarc/title/14368 850 $aSeMil 852 $aSeMil$W1$xVenegono$y1$m5V X 30$j105458$B105458$CSeMilBibl$Z2$F140427 $8I 941 1 $a3 961 $aLascito: Colombo Card. Giovanni 996 $6245$aLa scultura$9(OLS)http://semarc/title/18763